Qué y cómo es necesario aprender?: necesidades básicas de aprendizaje y contenidos curriculares

Պահպանված է:
Մատենագիտական մանրամասներ
Հիմնական հեղինակ: Torres, Rosa María (Հեղինակ)
Ձևաչափ: Գիրք
Լեզու:իսպաներեն
Հրապարակվել է: Quito Instituto Fronesis 1994
Quito Libresa 1994
Շարք:Educación, 7
Խորագրեր:
Ցուցիչներ: Ավելացրեք ցուցիչ
Չկան պիտակներ, Եղեք առաջինը, ով նշում է այս գրառումը!

MARC

LEADER 00000nam a2200000 a 4500
001 UCG1826
003 CL-VaPUC
008 100520e19940000EC |||||||||||||||||spa|d
020 |a 9978802452 
082 0 4 |a 371.3  |b TOR  |2 21 
100 0 |a Torres, Rosa María  |e author  |9 549871 
245 1 0 |a Qué y cómo es necesario aprender?: necesidades básicas de aprendizaje y contenidos curriculares 
300 |a 128 p 
942 |c BK 
945 |d 20100520 00:00:00  |a dcastane 
260 |a Quito  |b Instituto Fronesis  |c 1994 
260 |a Quito  |b Libresa  |c 1994 
650 0 |a Métodos de enseñanza  |9 270413 
650 0 |a Aprendizaje   |9 254827 
650 0 |a Currículo  |9 307290 
650 0 |a Educación básica   |9 224933 
583 |a last modification  |c 20130326 10:11:49  |k Rodrigo Vera 
490 0 |a Educación, 7 
999 |c 341085  |d 341083 
952 |0 0  |1 0  |4 0  |6 371_300000000000000_TOR_1994_1994  |7 0  |8 A  |9 436361  |a BIBEDU  |b BIBEDU  |d 2019-11-22  |i 4677854  |o 371.3 TOR 1994 1994  |p 4677854  |r 2019-11-22  |w 2019-11-22  |y BK  |k EBA